Catálogo público

Caracterización de la calidad y gluteninas de progenitores de trigos harineros (Triticum aestivum L.) de temporal / (Record no. 175939)

MARC details
000 -CABECERA
campo de control de longitud fija 03804nam a2200445 a 4500
001 - NÚMERO DE CONTROL
campo de control dia_5126
003 - IDENTIFICADOR DEL NÚMERO DE CONTROL
campo de control CHAP
005 - FECHA Y HORA DE LA ÚLTIMA TRANSACCIÓN
campo de control 20250522133916.0
007 - CAMPO FIJO DE DESCRIPCIÓN FÍSICA--INFORMACIÓN GENERAL
campo de control de longitud fija ta
008 - DATOS DE LONGITUD FIJA--INFORMACIÓN GENERAL
campo de control de longitud fija 220117s2003 mx ad frm 001 0 spa d
010 ## - NÚMERO DE CONTROL DE LA BIBLIOTECA DEL CONGRESO
Número de control de LC 175939
040 ## - FUENTE DE LA CATALOGACIÓN
Centro/agencia transcriptor CHAP
Centro catalogador/agencia de origen mxchpua
041 0# - CÓDIGO DE LENGUA
Código de lengua del texto/banda sonora o título independiente spa
Código de lengua del sumario o resumen eng
090 ## - LOCALMENTE ASIGNADO TIPO-LC NÚMERO DE CLASIFICACIÓN (OCLC); NÚMERO DE CLASIFICACIÓN LOCAL (RLIN)
Número de clasificación (OCLC) (R) ; Numero de clasificación, CALL (RLIN) (NR) Tesis
Número cutter local (OCLC) ; Número de libro/Signatura topográfica íntegra, CALL (RLIN) M37
año 2003
100 1# - ENTRADA PRINCIPAL--NOMBRE DE PERSONA
Nombre de persona Martínez Cruz, Eliel
245 10 - MENCIÓN DE TÍTULO
Título Caracterización de la calidad y gluteninas de progenitores de trigos harineros (Triticum aestivum L.) de temporal /
Mención de responsabilidad, etc. Eliel Martínez Cruz
264 ## - PRODUCCIÓN, PUBLICACIÓN, DISTRIBUCIÓN, FABRICACIÓN Y COPYRIGHT
Producción, publicación, distribución, fabricación y copyright Chapingo, México :
Nombre del de productor, editor, distribuidor, fabricante El autor,
Fecha de producción, publicación, distribución, fabricación o copyright 2003
300 ## - DESCRIPCIÓN FÍSICA
Extensión vii, 76 hojas :
Otras características físicas ilustraciones, tablas, graficas
336 ## - TIPO DE CONTENIDO
Fuente rdacontent
Término de tipo de contenido texto
Código de tipo de contenido txt
337 ## - TIPO DE MEDIO
Fuente rdamedia
Nombre/término del tipo de medio no mediado
Código del tipo de medio n
338 ## - TIPO DE SOPORTE
Fuente rdacarrier
Nombre/término del tipo de soporte volumen
Código del tipo de soporte nc
502 ## - NOTA DE TESIS
Nota de tesis Tesis
Tipo de título (Ingeniero Agroindustrial) --
Nombre de la institución que otorga el título UACh. Departamento de Ingeniería Agroindustrial,
Año de obtención del título 2003
504 ## - NOTA DE BIBLIOGRAFÍA, ETC.
Nota de bibliografía, etc. Bibliografía : hojas 57-63
520 3# - SUMARIO, ETC.
Sumario, etc. Con el fin de caracterizar la calidad de industrialización de trigos harineros de temporal en relación a las gluteninas de alto peso molecular y la translocacion, trigo-centeno, 1BL.1RS se sembraron 130 genotipos de trigo harinero (Triticum aestivum L.) cosechados bajo condiciones de temporal en los terrenos de Santa Lucia de Prias, México, 2001 Los alelos 2* y 1 del genoma A, 17±18 y 7+8 del genoma B y 5+10 del genoma D. mostraron un efecto positivo sobre la calidad de panificación, el alelo 7+9 del genoma B mostró un efecto intermedio y los alelos, nulo (0) del genoma A y 2+12 del genoma D mostraron un efecto negativo, siendo todos estos alelos los de mayor frecuencia en los genotipos. Los genotipos translocados mostraron una disminución de manera general en las características evaluadas respecto a los no translocados. Las combinaciones con mayor frecuencia fueron 2*-7+9-5+10, 2*-17+18-5+10 y 1-17+18-5+10, con un 28.6 %,22.7 %y 12.6 % respectivamente, siendo estas dos últimas las que presentaron los volúmenes de panmayores 867 y 883 ml. respectivamente.
520 3# - SUMARIO, ETC.
Sumario, etc. In order to characterize bread making quality of mexican rainfed bread wheat (Triticum aestivum L.) related to high molecular weight glutenins units and rye-wheat 1BL.1RS translocation; a set of 130 genotypes were planted under rainfall conditions at Santa Lucia of Prias, México, 2001. Results showed that a alleles 2* and 1 of genome A, alleles 17+18 and 7+8 of genome B and allele 5+10 of genome D conferred a positive effect of the bread making quality traits. Allele 7+9 of genome B showed intermediate an effect; while, the null (0) of genome A; 2+12 of genome D produced a negative effect on the bread making quality traits. Alleles 2*,7+9 and 5+10 were the most frequent on the analyzed genotypes. The non-translocated genotypes showed an overall bread making quality better than that from the translocated genotypes. The combinations 2*-7+9-5+10, 2*-17+18-5+10 and 1-17+18-5+10 were the most frequent with 28.6 %, 22.7 % and 12.6 %, respectively. The last two combinations showed the highest average bread volume with 867 and 883 ml, respectively. Keys wo
650 13 - PUNTO DE ACCESO ADICIONAL DE MATERIA--TÉRMINO DE MATERIA
Término de materia o nombre geográfico como elemento de entrada Trigo
Fuente del encabezamiento o término atg
Subdivisión general Variedades
650 13 - PUNTO DE ACCESO ADICIONAL DE MATERIA--TÉRMINO DE MATERIA
Término de materia o nombre geográfico como elemento de entrada Harina de trigo
Subdivisión general Calidad del producto
Fuente del encabezamiento o término atg
650 13 - PUNTO DE ACCESO ADICIONAL DE MATERIA--TÉRMINO DE MATERIA
Término de materia o nombre geográfico como elemento de entrada Harina de trigo
Subdivisión general Evaluación sensorial de los alimentos
Fuente del encabezamiento o término atg
650 13 - PUNTO DE ACCESO ADICIONAL DE MATERIA--TÉRMINO DE MATERIA
Término de materia o nombre geográfico como elemento de entrada Wheat
Fuente del encabezamiento o término atg
Subdivisión general Varieties
650 13 - PUNTO DE ACCESO ADICIONAL DE MATERIA--TÉRMINO DE MATERIA
Término de materia o nombre geográfico como elemento de entrada Wheat flour
Subdivisión general Product quality
Fuente del encabezamiento o término atg
650 13 - PUNTO DE ACCESO ADICIONAL DE MATERIA--TÉRMINO DE MATERIA
Término de materia o nombre geográfico como elemento de entrada Wheat flour
Subdivisión general Sensory evaluation
Fuente del encabezamiento o término atg
700 1# - PUNTO DE ACCESO ADICIONAL--NOMBRE DE PERSONA
Nombre de persona Peña Bautista, Javier
Término indicativo de función/relación director
700 1# - PUNTO DE ACCESO ADICIONAL--NOMBRE DE PERSONA
Nombre de persona Buendía González, María Ofelia
Término indicativo de función/relación asesor
700 1# - PUNTO DE ACCESO ADICIONAL--NOMBRE DE PERSONA
Nombre de persona Salazar Zazueta, Alfredo
Término indicativo de función/relación asesor
856 41 - LOCALIZACIÓN Y ACCESO ELECTRÓNICOS
Identificador Uniforme del Recurso <a href="http://10.13.5.2/tesis/99134.pdf">http://10.13.5.2/tesis/99134.pdf</a>
Texto de enlace DESCARGAR PDF
901 ## - ELEMENTOS DE DATOS A LOCAL LDA (RLIN)
a TESIS M37 2003
942 ## - ELEMENTOS DE PUNTO DE ACCESO ADICIONAL (KOHA)
Tipo de ítem Koha TESIS
Fuente del sistema de clasificación o colocación Clasificación Universidad Autónoma Chapingo
902 ## - ELEMENTOS DE DATOS B LOCAL, LDB (RLIN)
a M
905 ## - ELEMENTOS DE DATOS E LOCAL, LDE (RLIN)
a 5232262003 mx am 8222223322spa16
Holdings
Estado de retiro Estado de pérdida Fuente del sistema de clasificación o colocación Estado dañado Restricciones de uso No para préstamo Código de colección Localización permanente Ubicación/localización actual Fecha de adquisición Fuente de adquisición Total de préstamos Signatura topográfica completa Código de barras Fecha visto por última vez Número de copia Precio válido a partir de Tipo de ítem Koha Ubicación en estantería
    Clasificación Universidad Autónoma de Chapingo   Préstamo 5 días   Tesis Ingenieria Agroindustrial Ingenieria Agroindustrial 18/01/2022 El autor   Tesis M37 2003 1101007267 02/02/2026 Ej.2 18/01/2022 Tesis  
    Clasificación Universidad Autónoma de Chapingo   Préstamo interno   Tesis Ingenieria Agroindustrial Ingenieria Agroindustrial 18/01/2022 El autor   Tesis M37 2003 1101007266 02/02/2026 Ej.1 18/01/2022 Tesis  
    Clasificación Universidad Autónoma de Chapingo       Tesis digitales de Licenciatura Ingenieria Agroindustrial Ingenieria Agroindustrial 18/01/2022 El autor     1201007266 22/05/2025   18/01/2022 Tesis digital En línea